<?xml version="1.0" encoding="UTF-8"?>
<record
    xmlns:xsi="http://www.w3.org/2001/XMLSchema-instance"
    xsi:schemaLocation="http://www.loc.gov/MARC21/slim http://www.loc.gov/standards/marcxml/schema/MARC21slim.xsd"
    xmlns="http://www.loc.gov/MARC21/slim">

  <leader>02643njm a2200493Ia 4500</leader>
  <controlfield tag="001">36730</controlfield>
  <controlfield tag="003">IT-RoPAU</controlfield>
  <controlfield tag="005">20220918181124.0</controlfield>
  <controlfield tag="008">131025s9999    xx            000 0 und d</controlfield>
  <datafield tag="040" ind1=" " ind2=" ">
    <subfield code="a">IT-RoPAU</subfield>
  </datafield>
  <datafield tag="040" ind1=" " ind2=" ">
    <subfield code="c">IT-RoPAU</subfield>
  </datafield>
  <datafield tag="999" ind1=" " ind2=" ">
    <subfield code="c">100010</subfield>
    <subfield code="d">100010</subfield>
  </datafield>
  <datafield tag="999" ind1=" " ind2=" ">
    <subfield code="b">n.d.</subfield>
  </datafield>
  <datafield tag="100" ind1=" " ind2=" ">
    <subfield code="a">AA.VV.</subfield>
    <subfield code="9">794</subfield>
  </datafield>
  <datafield tag="100" ind1=" " ind2=" ">
    <subfield code="e">Autore musica</subfield>
    <subfield code="9">19332</subfield>
  </datafield>
  <datafield tag="100" ind1=" " ind2=" ">
    <subfield code="g">Codice autore musica SPICS: 12000</subfield>
    <subfield code="9">796</subfield>
  </datafield>
  <datafield tag="245" ind1=" " ind2=" ">
    <subfield code="a">King of Swing</subfield>
  </datafield>
  <datafield tag="250" ind1=" " ind2=" ">
    <subfield code="a">2a ed.</subfield>
  </datafield>
  <datafield tag="260" ind1=" " ind2=" ">
    <subfield code="a">HOLLAND</subfield>
  </datafield>
  <datafield tag="260" ind1=" " ind2=" ">
    <subfield code="b">PHILIPS</subfield>
    <subfield code="c">1968 [1a Ed.:1955 - Ed. Lingua Orig.: 1955]</subfield>
  </datafield>
  <datafield tag="300" ind1=" " ind2=" ">
    <subfield code="a">DISCO</subfield>
  </datafield>
  <datafield tag="500" ind1=" " ind2=" ">
    <subfield code="a">Musica jazz</subfield>
  </datafield>
  <datafield tag="505" ind1=" " ind2=" ">
    <subfield code="a">After You've Gone - Body and Soul - Slipped Disc - Just One of Those Things - Oh, Lady Be Good - Rosetta - S.H.I.N.E - Memories of You - I've Found A New Baby</subfield>
  </datafield>
  <datafield tag="650" ind1=" " ind2=" ">
    <subfield code="a">JAZZ [DISCHI]</subfield>
    <subfield code="e">Codice MATERIA SPICS: 9950</subfield>
    <subfield code="9">19333</subfield>
  </datafield>
  <datafield tag="700" ind1=" " ind2=" ">
    <subfield code="a">Goodman Benny</subfield>
    <subfield code="g">Codice interprete SPICS: 10538</subfield>
    <subfield code="e">Interprete</subfield>
    <subfield code="9">19334</subfield>
  </datafield>
  <datafield tag="700" ind1=" " ind2=" ">
    <subfield code="a">Layton T.</subfield>
    <subfield code="g">Codice autore musica SPICS: 16399</subfield>
    <subfield code="e">Autore musica</subfield>
    <subfield code="p">After You've Gone</subfield>
    <subfield code="9">19335</subfield>
  </datafield>
  <datafield tag="700" ind1=" " ind2=" ">
    <subfield code="a">Creamer H.</subfield>
    <subfield code="g">Codice autore SPICS: 16398</subfield>
    <subfield code="e">Autore</subfield>
    <subfield code="p">After You've Gone</subfield>
    <subfield code="9">19336</subfield>
  </datafield>
  <datafield tag="700" ind1=" " ind2=" ">
    <subfield code="a">Heyman Edward</subfield>
    <subfield code="g">Codice autore musica SPICS: 15566</subfield>
    <subfield code="e">Autore musica</subfield>
    <subfield code="p">Body and Soul</subfield>
    <subfield code="9">19337</subfield>
  </datafield>
  <datafield tag="700" ind1=" " ind2=" ">
    <subfield code="a">Sour R.</subfield>
    <subfield code="g">Codice autore SPICS: 20664</subfield>
    <subfield code="e">Autore</subfield>
    <subfield code="p">Body and Soul</subfield>
    <subfield code="9">19338</subfield>
  </datafield>
  <datafield tag="700" ind1=" " ind2=" ">
    <subfield code="a">Eyton F.</subfield>
    <subfield code="g">Codice autore testo/musica SPICS: 20329</subfield>
    <subfield code="e">Autore testo/musica</subfield>
    <subfield code="p">Body and Soul</subfield>
    <subfield code="9">19339</subfield>
  </datafield>
  <datafield tag="700" ind1=" " ind2=" ">
    <subfield code="a">Goodman Benny</subfield>
    <subfield code="g">Codice autore musica SPICS: 10538</subfield>
    <subfield code="e">Autore musica</subfield>
    <subfield code="p">Slipped Disc</subfield>
    <subfield code="9">19340</subfield>
  </datafield>
  <datafield tag="700" ind1=" " ind2=" ">
    <subfield code="a">Porter Cole</subfield>
    <subfield code="g">Codice autore musica SPICS: 13034</subfield>
    <subfield code="e">Autore musica</subfield>
    <subfield code="p">Just One of Those Things</subfield>
    <subfield code="9">19341</subfield>
  </datafield>
  <datafield tag="700" ind1=" " ind2=" ">
    <subfield code="a">Gershwin George</subfield>
    <subfield code="g">Codice autore musica SPICS: 10668</subfield>
    <subfield code="e">Autore musica</subfield>
    <subfield code="p">Oh, Lady Be Good</subfield>
    <subfield code="9">19342</subfield>
  </datafield>
  <datafield tag="700" ind1=" " ind2=" ">
    <subfield code="a">Gershwin Ira</subfield>
    <subfield code="g">Codice autore SPICS: 10501</subfield>
    <subfield code="e">Autore</subfield>
    <subfield code="p">Oh, Lady Be Good</subfield>
    <subfield code="9">19343</subfield>
  </datafield>
  <datafield tag="700" ind1=" " ind2=" ">
    <subfield code="a">Hines Earl</subfield>
    <subfield code="g">Codice autore musica SPICS: 16156</subfield>
    <subfield code="e">Autore musica</subfield>
    <subfield code="p">Rosetta</subfield>
    <subfield code="9">19344</subfield>
  </datafield>
  <datafield tag="700" ind1=" " ind2=" ">
    <subfield code="a">Woods H.W.</subfield>
    <subfield code="g">Codice autore SPICS: 16463</subfield>
    <subfield code="e">Autore</subfield>
    <subfield code="p">Rosetta</subfield>
    <subfield code="9">19345</subfield>
  </datafield>
  <datafield tag="700" ind1=" " ind2=" ">
    <subfield code="a">Dabney F.</subfield>
    <subfield code="g">Codice autore musica SPICS: 21466</subfield>
    <subfield code="e">Autore musica</subfield>
    <subfield code="p">S-H-I-N-E</subfield>
    <subfield code="9">19346</subfield>
  </datafield>
  <datafield tag="700" ind1=" " ind2=" ">
    <subfield code="a">Mack C.</subfield>
    <subfield code="g">Codice autore SPICS: 20198</subfield>
    <subfield code="e">Autore</subfield>
    <subfield code="p">S-H-I-N-E</subfield>
    <subfield code="9">19347</subfield>
  </datafield>
  <datafield tag="700" ind1=" " ind2=" ">
    <subfield code="a">Brown L.</subfield>
    <subfield code="g">Codice autore testo/musica SPICS: 21800</subfield>
    <subfield code="e">Autore testo/musica</subfield>
    <subfield code="p">S-H-I-N-E</subfield>
    <subfield code="9">19348</subfield>
  </datafield>
  <datafield tag="700" ind1=" " ind2=" ">
    <subfield code="a">Blake Eubie</subfield>
    <subfield code="g">Codice autore musica SPICS: 10551</subfield>
    <subfield code="e">Autore musica</subfield>
    <subfield code="p">Memories of You</subfield>
    <subfield code="9">19349</subfield>
  </datafield>
  <datafield tag="700" ind1=" " ind2=" ">
    <subfield code="a">Razaf Andy</subfield>
    <subfield code="g">Codice autore SPICS: 10573</subfield>
    <subfield code="e">Autore</subfield>
    <subfield code="p">Memories of You</subfield>
    <subfield code="9">19350</subfield>
  </datafield>
  <datafield tag="700" ind1=" " ind2=" ">
    <subfield code="a">Palmer</subfield>
    <subfield code="g">Codice autore musica SPICS: 20149</subfield>
    <subfield code="e">Autore musica</subfield>
    <subfield code="p">I've Found A New Baby</subfield>
    <subfield code="9">19351</subfield>
  </datafield>
  <datafield tag="700" ind1=" " ind2=" ">
    <subfield code="a">Williams Spencer</subfield>
    <subfield code="g">Codice autore SPICS: 10731</subfield>
    <subfield code="e">Autore</subfield>
    <subfield code="p">I've Found A New Baby</subfield>
    <subfield code="9">19352</subfield>
  </datafield>
  <datafield tag="942" ind1=" " ind2=" ">
    <subfield code="c">MD</subfield>
    <subfield code="2">ddc</subfield>
  </datafield>
  <datafield tag="952" ind1=" " ind2=" ">
    <subfield code="0">0</subfield>
    <subfield code="1">0</subfield>
    <subfield code="4">0</subfield>
    <subfield code="6">36730_000000000000000</subfield>
    <subfield code="7">1</subfield>
    <subfield code="a">SPICS</subfield>
    <subfield code="b">SPICS</subfield>
    <subfield code="d">2013-10-25</subfield>
    <subfield code="l">0</subfield>
    <subfield code="o">36730</subfield>
    <subfield code="r">2013-10-25 00:00:00</subfield>
    <subfield code="w">2013-10-25</subfield>
    <subfield code="y">MD</subfield>
    <subfield code="z">Progr. Ins.: 13018 / N.Vol.: 1 / Copie: 1 - Copia rara: n.d. / date import: 01.01.2014 - By Epidotti, Trombetti, Vaglietti</subfield>
  </datafield>
</record>
